000 02368nam0a2200373 4500
001 RU\NLR\BIBL_A\022161820
005 20240403155020.0
010 _a978-5-6050994-0-6
_9187
021 _aRU
_bКН-П-24-006645
_9КН-П-24-0692
035 _a(NLR Aleph) 022161820
090 _a12924266
_c12924266
100 _a20240311d2023 u y0rusy50 ca
101 0 _arus
102 _aRU
105 _aa z 000yy
181 0 _ai3
_baxxe
182 0 _an
200 1 _aСтандартизация форм и средств таблично-графического и картографического отображения гидрометеорологической информации
_fЕ. Д. Вязилов, Е. В. Дорофеев, Д. А. Мельников, О. А. Минков
_gФедеральная служба по гидрометеорологии и мониторингу окружающей среды (Госгидромет), Федеральное государственное бюджетное учреждение "Всероссийский научно-исследовательский институт гидрометеорологической информации - мировой центр данных" (ФГБУ "ВНИИГМИ-МЦД")
203 _aТекст
_bвизуальный
_cнепосредственный
210 _aОбнинск
_cВНИИГМИ-МЦД
_d2023
215 _a124 с.
_cцв. ил, табл.
_d21
320 _aБиблиогр.: с. 110-112 (37 назв.) и в тексте
606 1 _aОкеанографические наблюдения
_xОбработка результатов компьютерная
_2nlr_sh1
_2nlr_sh2
_3RU\NLR\AUTH\66796374
606 1 _aГидрометеорологические наблюдения
_xОбработка результатов компьютерная
_2nlr_sh2
_3RU\NLR\AUTH\6601738393
686 1 _aД23в641.8
686 1 _aД221в641.8
701 1 _aВязилов
_bЕ. Д.
_gЕвгений Дмитриевич
701 1 _aДорофеев
_bЕ. В.
701 1 _aМельников
_bД. А.
_cгидрометеоролог
_gДенис Андреевич
_3RU\NLR\AUTH\770266708
701 1 _aМинков
_bО. А.
942 _cBOOK
980 _aNB